000 00599nam a2200193Ia 4500
008 220204s9999 xx 000 0 und d
082 _a581.412
_bSHA
245 0 _aForm, structure and function in plants: Symposium held at the Sardar Patel University in October 27-29, 1975
260 _aNew Delhi
_bToday & Tomorrow's
490 _aCurrent trends in life sciences. V 3
650 _aCucumismelo
650 _aFruit tissue
650 _aIn vitro propagation
650 _aMorphogenesis
650 _aPlant morphology
650 _aPollen germination
700 _aSHAH, J J
942 _cBK
999 _c36096
_d36096